| 000 | 02266nam0a2200337 4500 | ||
|---|---|---|---|
| 001 | RU\NLR\BIBL_A\022634321 | ||
| 005 | 20260122112207.0 | ||
| 010 |
_a978-5-907968-55-4 _9300 |
||
| 021 |
_aRU _bКН-П-25-049138 _9КН-П-25-4752 |
||
| 035 | _a(NLR Aleph) 022634321 | ||
| 090 |
_a13535475 _c13535475 |
||
| 100 | _a20251001d2025 u y0rusy50 ca | ||
| 101 | 0 | _arus | |
| 102 | _aRU | ||
| 105 | _ay j 000zy | ||
| 181 | 0 |
_ai4 _baxxe |
|
| 182 | 0 | _an | |
| 200 | 1 |
_aЛогопедия _e(учебно-методическое пособие для слушателей курсов профессиональной переподготовки по специальности учитель-логопед, логопед) _eв соответствии с требованиями Государственного образовательного стандарта высшего профессионального образования для специальности 44.03.03 "Специальное (дефектологическое) образование" _fБагдуева К.Г. _gМинистерство просвещения Российской Федерации, Федеральное государственное бюджетное образовательное учреждение высшего образования "Дагестанский государственный педагогический университет им. Р.Г. Гамзатова" |
|
| 203 |
_aТекст _bвизуальный _cнепосредственный |
||
| 210 |
_aМахачкала _cДГПУ _d2025 |
||
| 215 |
_a139 с. _d21 |
||
| 300 | _aНа обороте тит. с. авт.: Багдуева К.Г. - канд. пед. наук, доц. | ||
| 300 | _aНа обл. авт. не указан | ||
| 320 | _aБиблиогр. в конце глав | ||
| 606 | 1 |
_aЛогопедическая помощь детям _jУчебные издания для повышения квалификации _9945893 _3RU\NLR\AUTH\66350711 |
|
| 686 | 1 | _aЧ437.191я77 | |
| 700 | 1 |
_aБагдуева _bК. Г. _gКлаpа Гаpуновна |
|
| 942 | _cBOOK | ||
| 980 | _aNB | ||